[Event "Prague Summer op-B 8th"]
[Site "Prague"]
[Date "2021.08.06"]
[Round "1"]
[White "Seiner, Frantisek"]
[Black "Kanos, Jozef"]
[Result "0-1"]
[WhiteElo "1511"]
[BlackElo "1873"]
[PlyCount "64"]
[EventDate "2021.08.06"]
[EventType "swiss"]
[EventRounds "9"]
[EventCountry "CZE"]
[SourceTitle "EXT 2022"]
[Source "ChessBase"]
[SourceDate "2021.10.06"]
[SourceVersion "1"]
[SourceVersionDate "2021.10.06"]
[SourceQuality "1"]

1. e4 e5 2. Nf3 Nc6 3. Bc4 Be7 4. d4 d6 5. d5 Nb8 6. Bd3 Nf6 7. c4 0-0 8. Nc3 c6 9. 0-0 Nbd7 10. Bg5 Nxd5 11. Bxe7 Nxe7 12. Ng5 Ng6 13. h4 Nf4 14. g3 h6 15. Nf3 Nxd3 16. Qxd3 Nc5 17. Qe3 Qf6 18. Nh2 Bh3 19. Rfd1 Rfd8 20. b4 Na6 21. a3 Be6 22. b5 Nc5 23. Qe2 Nb3 24. Rab1 Nd4 25. Qf1 g5 26. h5 Kh7 27. bxc6 bxc6 28. Rb7 Rg8 29. Kh1 Rg7 30. Kg2 g4 31. Rdb1 Qg5 32. Qd1 Qxh5 0-1

[Event "SVK-chT2C 1819"]
[Site "Slovakia"]
[Date "2019.02.03"]
[Round "7.7"]
[White "Foff, Vladimir"]
[Black "Kanos, Jozef"]
[Result "0-1"]
[WhiteElo "1936"]
[BlackElo "1917"]
[PlyCount "118"]
[EventDate "2018.10.13"]
[EventType "team-tourn"]
[EventRounds "11"]
[EventCountry "SVK"]
[SourceTitle "CBM 189 Extra"]
[Source "ChessBase"]
[SourceDate "2019.06.03"]
[SourceVersion "1"]
[SourceVersionDate "2019.06.03"]
[SourceQuality "1"]
[WhiteTeam "Zvolen Slavia"]
[BlackTeam "Jelsava Magnezit"]
[WhiteTeamCountry "SVK"]
[BlackTeamCountry "SVK"]

1. e4 e5 2. Nf3 Nf6 3. Nc3 Nc6 4. Bc4 Nxe4 5. Bxf7+ Kxf7 6. Nxe4 d5 7. Neg5+ Kg8 8. d3 h6 9. Nh3 Bxh3 10. gxh3 Qd7 11. Rg1 Qxh3 12. Rg3 Qh5 13. Ng1 Qxd1+ 14. Kxd1 Bd6 15. Rg2 Kh7 16. c3 Rhf8 17. Bd2 Rf7 18. Ke2 Raf8 19. Rf1 Ne7 20. a3 Ng6 21. Rg4 Nf4+ 22. Bxf4 Rxf4 23. h3 Bc5 24. Rxf4 Rxf4 25. Nf3 e4 26. dxe4 Rxe4+ 27. Kd3 c6 28. Nd4 Bxd4 29. cxd4 Rh4 30. Rh1 g5 31. f3 Kg6 32. Ke3 h5 33. Rh2 g4 34. fxg4 hxg4 35. Kf4 Rxh3 36. Rg2 Rd3 37. Rxg4+ Kf6 38. Rg2 Rxd4+ 39. Ke3 Re4+ 40. Kd3 a5 41. Rg8 a4 42. Rb8 b5 43. Rc8 Rc4 44. Rf8+ Ke7 45. Rh8 Kd6 46. Kd2 Kc5 47. Rh3 b4 48. axb4+ Kxb4 49. Rg3 Rh4 50. Kc2 Rh2+ 51. Kb1 d4 52. Ka2 Rh5 53. Rg6 Rc5 54. Rg3 Rd5 55. b3 a3 56. Rg8 Kc3 57. b4 Kxb4 58. Rb8+ Rb5 59. Ra8 d3 0-1

[Event "SVK-chT1E 1617"]
[Site "Slovakia"]
[Date "2016.11.20"]
[Round "4.8"]
[White "Kanos, Jozef"]
[Black "Nandrazi, Artur"]
[Result "1/2-1/2"]
[WhiteElo "1912"]
[BlackElo "1839"]
[PlyCount "103"]
[EventDate "2016.10.15"]
[EventType "team-tourn"]
[EventRounds "11"]
[EventCountry "SVK"]
[SourceTitle "EXT 2018"]
[Source "ChessBase"]
[SourceDate "2017.10.13"]
[SourceVersion "1"]
[SourceVersionDate "2017.10.13"]
[SourceQuality "1"]
[WhiteTeam "Jelsava Magnezit"]
[BlackTeam "Presov Slavia PU"]
[WhiteTeamCountry "SVK"]
[BlackTeamCountry "SVK"]

1. e4 c5 2. f4 d5 3. exd5 Qxd5 4. Nc3 Qd8 5. Nf3 Bg4 6. Bc4 e6 7. Kf2 Nc6 8. d3 a6 9. a4 Nf6 10. Be3 Nd5 11. Qd2 Bxf3 12. Kxf3 Nxe3 13. Kxe3 Qd4+ 14. Kf3 0-0-0 15. Qe3 Be7 16. Rab1 Rhe8 17. Ne4 Qxe3+ 18. Kxe3 Nd4 19. c3 Nc6 20. g4 Kc7 21. h4 f5 22. Ng5 Bxg5 23. hxg5 Rh8 24. Kf3 Rd6 25. Rbe1 Kd7 26. Re2 Na5 27. gxf5 exf5 28. Rhe1 Nxc4 29. dxc4 g6 30. Re7+ Kc6 31. R1e6 Rxe6 32. Rxe6+ Kd7 33. Rb6 Kc7 34. a5 Re8 35. Rf6 Re7 36. b4 Re4 37. b5 Rxc4 38. b6+ Kc8 39. Rf8+ Kd7 40. Rf7+ Kc6 41. Rxh7 Rxc3+ 42. Ke2 Kb5 43. Rxb7 Kxa5 44. Rg7 Kxb6 45. Rxg6+ Kb5 46. Rf6 a5 47. Rxf5 a4 48. Rf8 Rg3 49. Kf2 Rg4 50. Kf3 Rg1 51. Kf2 Rg4 52. Kf3 1/2-1/2

[Event "SVK-chT1E 1415"]
[Site "Slovakia"]
[Date "2015.02.28"]
[Round "8.7"]
[White "Kanos, Jozef"]
[Black "Kopera, Michal"]
[Result "1/2-1/2"]
[WhiteElo "1946"]
[BlackElo "2131"]
[PlyCount "53"]
[EventDate "2014.10.18"]
[EventType "team-tourn"]
[EventRounds "11"]
[EventCountry "SVK"]
[SourceTitle "EXT 2016"]
[Source "ChessBase"]
[SourceDate "2015.10.08"]
[SourceVersion "1"]
[SourceVersionDate "2015.10.08"]
[SourceQuality "1"]
[WhiteTeam "Jelsava"]
[BlackTeam "Zilina"]
[WhiteTeamCountry "SVK"]
[BlackTeamCountry "SVK"]

1. e4 e5 2. f4 exf4 3. Nf3 Nc6 4. d4 d5 5. exd5 Qxd5 6. Bxf4 Bd6 7. Bxd6 Qxd6 8. c3 Nf6 9. Bd3 Ne7 10. 0-0 0-0 11. Qc2 Ned5 12. Re1 Nf4 13. Bf5 Bxf5 14. Qxf5 Rae8 15. Nbd2 g6 16. Qb5 a6 17. Qf1 c5 18. Nc4 Qc7 19. Nfe5 N4d5 20. dxc5 Qxc5+ 21. Qf2 Qc7 22. Qd4 b5 23. Nd2 Re6 24. Ndf3 Rfe8 25. Rad1 Qb6 26. Qxb6 Nxb6 27. h3 1/2-1/2

[Event "SVK-chT1E 1415"]
[Site "Slovakia"]
[Date "2014.11.30"]
[Round "4.7"]
[White "Kanos, Jozef"]
[Black "Kerdik, Adam"]
[Result "1/2-1/2"]
[WhiteElo "1946"]
[BlackElo "1997"]
[PlyCount "130"]
[EventDate "2014.10.18"]
[EventType "team-tourn"]
[EventRounds "11"]
[EventCountry "SVK"]
[SourceTitle "EXT 2016"]
[Source "ChessBase"]
[SourceDate "2015.10.08"]
[SourceVersion "1"]
[SourceVersionDate "2015.10.08"]
[SourceQuality "1"]
[WhiteTeam "Jelsava"]
[BlackTeam "Liptov Chess School II"]
[WhiteTeamCountry "SVK"]
[BlackTeamCountry "SVK"]

1. e4 c5 2. f4 e6 3. Nf3 d5 4. e5 Nc6 5. Nc3 Nh6 6. Be2 Nf5 7. 0-0 h5 8. a3 Be7 9. Bd3 g6 10. Bb5 Bd7 11. d3 a6 12. Bxc6 Bxc6 13. Ne2 d4 14. Bd2 Qd5 15. b3 Rd8 16. Qe1 h4 17. h3 b5 18. Qf2 c4 19. b4 Rd7 20. Kh2 Bd8 21. Rab1 Bb6 22. Ng5 c3 23. Ne4 Bd8 24. Bxc3 dxc3 25. N4xc3 Qxg2+ 26. Qxg2 Bxg2 27. Kxg2 Ne3+ 28. Kf3 Nxf1 29. Rxf1 Be7 30. Ne4 Rc7 31. c3 0-0 32. d4 a5 33. Nc5 axb4 34. axb4 Ra8 35. Rg1 Ra2 36. Ke3 Rca7 37. Nd3 R7a3 38. Ndc1 Rc2 39. Ke4 Rcxc3 40. Nxc3 Rxc3 41. Nd3 Rb3 42. Rg2 Bxb4 43. Rb2 Rxb2 44. Nxb2 Kf8 45. d5 exd5+ 46. Kxd5 Bd2 47. Nd3 Ke7 48. Ke4 b4 49. Nc5 Be1 50. Nb3 Bg3 51. Nd4 Kd7 52. f5 g5 53. e6+ fxe6 54. fxe6+ Ke7 55. Kf5 g4 56. Kxg4 Bf2 57. Nc6+ Kxe6 58. Nxb4 Bg3 59. Nc2 Kf7 60. Ne3 Kg7 61. Kg5 Kf7 62. Nf5 Kg8 63. Nxh4 Bxh4+ 64. Kxh4 Kh7 65. Kh5 Kg7 1/2-1/2

[Event "SVK-chT1E 1415"]
[Site "Slovakia"]
[Date "2014.11.29"]
[Round "3.7"]
[White "Haring, Filip"]
[Black "Kanos, Jozef"]
[Result "1-0"]
[WhiteElo "1986"]
[BlackElo "1946"]
[PlyCount "59"]
[EventDate "2014.10.18"]
[EventType "team-tourn"]
[EventRounds "11"]
[EventCountry "SVK"]
[SourceTitle "EXT 2016"]
[Source "ChessBase"]
[SourceDate "2015.10.08"]
[SourceVersion "1"]
[SourceVersionDate "2015.10.08"]
[SourceQuality "1"]
[WhiteTeam "Banska Bystrica CVC"]
[BlackTeam "Jelsava"]
[WhiteTeamCountry "SVK"]
[BlackTeamCountry "SVK"]

1. Nf3 Nf6 2. d4 e6 3. Bf4 b6 4. e3 Bb7 5. Bd3 Be7 6. 0-0 Ne4 7. Nbd2 f5 8. Bxe4 fxe4 9. Ne5 0-0 10. Qg4 Qe8 11. f3 exf3 12. Ndxf3 Bf6 13. Qg3 Na6 14. a3 d6 15. Ng4 Qg6 16. h4 Kh8 17. Qh3 Qxc2 18. Rf2 Qf5 19. h5 Rae8 20. h6 g6 21. Raf1 Bc8 22. Bg5 e5 23. Bxf6+ Rxf6 24. Nxf6 Qxf6 25. Qg3 Bf5 26. e4 Be6 27. Nxe5 Qe7 28. Nc6 Qd7 29. Rf8+ Bg8 30. Qf4 1-0

[Event "Senica op 02"]
[Site "Senica"]
[Date "2014.02.28"]
[Round "7"]
[White "Zemkova, Klara"]
[Black "Kanos, Jozef"]
[Result "1/2-1/2"]
[WhiteElo "1730"]
[BlackElo "1945"]
[PlyCount "53"]
[EventDate "2014.02.24"]
[EventType "swiss"]
[EventRounds "7"]
[EventCountry "SVK"]
[SourceTitle "CBM 159 Extra"]
[Source "ChessBase"]
[SourceDate "2014.04.24"]
[SourceVersion "1"]
[SourceVersionDate "2014.04.24"]
[SourceQuality "1"]

1. e4 e6 2. d4 d5 3. Nc3 Nf6 4. e5 Nfd7 5. f4 c5 6. Nf3 Nc6 7. Be3 cxd4 8. Nxd4 Bb4 9. a3 Be7 10. Bd3 a6 11. Qf3 Nc5 12. Be2 Bd7 13. 0-0 0-0 14. b4 Nxd4 15. Bxd4 Na4 16. f5 f6 17. fxe6 Nxc3 18. exd7 Nxe2+ 19. Qxe2 Qxd7 20. exf6 Bxf6 21. Bxf6 Rxf6 22. Rxf6 gxf6 23. Rd1 Qf7 24. Qg4+ Kh8 25. Qf5 Rd8 26. Rf1 d4 27. Qxf6+ 1/2-1/2

[Event "SVK-chT2C 1213"]
[Site "Slovakia"]
[Date "2013.03.16"]
[Round "10.5"]
[White "Singliar, Anton"]
[Black "Kanos, Jozef"]
[Result "1/2-1/2"]
[WhiteElo "2092"]
[BlackElo "1937"]
[PlyCount "67"]
[EventDate "2012.10.13"]
[EventType "team-tourn"]
[EventRounds "11"]
[EventCountry "SVK"]
[SourceTitle "EXT 2015"]
[Source "ChessBase"]
[SourceDate "2014.11.20"]
[SourceVersion "1"]
[SourceVersionDate "2014.11.20"]
[SourceQuality "1"]
[WhiteTeam "Dolny Kubin"]
[BlackTeam "Jelsava"]
[WhiteTeamCountry "SVK"]
[BlackTeamCountry "SVK"]

1. e4 e5 2. Nf3 Nc6 3. Bb5 Nf6 4. Nc3 g6 5. 0-0 Bg7 6. Re1 d6 7. d4 Nd7 8. dxe5 Ncxe5 9. Nxe5 dxe5 10. Be3 0-0 11. Qd2 c6 12. Bc4 b5 13. Bb3 Nb6 14. Qxd8 Rxd8 15. a4 Ba6 16. axb5 Bxb5 17. Nxb5 cxb5 18. Ra6 Nc4 19. Bxc4 bxc4 20. Rc6 Rab8 21. Rxc4 Rxb2 22. g3 a5 23. Ra1 Rb4 24. Ra4 Bf8 25. Raxb4 axb4 26. Kf1 f6 27. Rc6 Kf7 28. Ke2 Rd7 29. Bb6 Bd6 30. h4 h5 31. f3 Ke7 32. Be3 Rb7 33. Rb6 Rc7 34. Kd2 1/2-1/2

[Event "SVK-chT2C 1213"]
[Site "Slovakia"]
[Date "2012.12.02"]
[Round "4.7"]
[White "Kaniok, Jan"]
[Black "Kanos, Jozef"]
[Result "0-1"]
[WhiteElo "1956"]
[BlackElo "1937"]
[PlyCount "138"]
[EventDate "2012.10.13"]
[EventType "team-tourn"]
[EventRounds "11"]
[EventCountry "SVK"]
[SourceTitle "EXT 2015"]
[Source "ChessBase"]
[SourceDate "2014.11.20"]
[SourceVersion "1"]
[SourceVersionDate "2014.11.20"]
[SourceQuality "1"]
[WhiteTeam "Dunajov II"]
[BlackTeam "Jelsava"]
[WhiteTeamCountry "SVK"]
[BlackTeamCountry "SVK"]

1. e4 e5 2. Nf3 Nf6 3. Bc4 Nc6 4. Nc3 Nxe4 5. Bxf7+ Kxf7 6. Nxe4 d5 7. Neg5+ Kg8 8. d3 h6 9. Nh3 Bxh3 10. gxh3 Qd7 11. Ng1 Bc5 12. Be3 d4 13. Bd2 Rf8 14. Qg4 Qf7 15. f3 Bb4 16. c3 Bd6 17. Qe4 a5 18. Ke2 Qf5 19. Rf1 Kh7 20. h4 g6 21. Qg4 Be7 22. Be1 Rf6 23. Nh3 Rd8 24. c4 Rdf8 25. a3 Bd6 26. Bg3 Re8 27. Nf2 Rff8 28. Ne4 Be7 29. Be1 Qf4 30. Qxf4 exf4 31. Rhg1 Rf5 32. Kd1 Ne5 33. Kc2 c5 34. Bxa5 Ra8 35. Be1 Rh5 36. Rg2 Nd7 37. Rg4 Rf8 38. Bd2 Rhf5 39. Be1 Ne5 40. Rg2 b6 41. Re2 Rd8 42. Nf2 Bf8 43. Ng4 Nxc4 44. Re6 Rd6 45. Rxd6 Nxd6 46. Nf2 Ne8 47. Ne4 Nc7 48. b4 Nd5 49. Kb3 cxb4 50. axb4 Kg7 51. Rf2 Nxb4 52. Kc4 Nc6 53. Rb2 Ne5+ 54. Kb3 Nxd3 55. Re2 Ne5 56. Nd2 Kf7 57. Re4 Bc5 58. Bf2 Nc6 59. Kc4 g5 60. hxg5 hxg5 61. h4 Ne5+ 62. Kb5 gxh4 63. Bxh4 Nd7 64. Kc4 Ne5+ 65. Kb5 Ng6 66. Bd8 Be7+ 67. Kc4 Bxd8 68. Kxd4 Bf6+ 69. Kc4 Rc5+ 0-1

[Event "SVK-chT2C 1213"]
[Site "Slovakia"]
[Date "2012.10.13"]
[Round "1.5"]
[White "Kekely, Lubos"]
[Black "Kanos, Jozef"]
[Result "1/2-1/2"]
[WhiteElo "2109"]
[BlackElo "1937"]
[PlyCount "76"]
[EventDate "2012.10.13"]
[EventType "team-tourn"]
[EventRounds "11"]
[EventCountry "SVK"]
[SourceTitle "EXT 2015"]
[Source "ChessBase"]
[SourceDate "2014.11.20"]
[SourceVersion "1"]
[SourceVersionDate "2014.11.20"]
[SourceQuality "1"]
[WhiteTeam "Zilina DMS"]
[BlackTeam "Jelsava"]
[WhiteTeamCountry "SVK"]
[BlackTeamCountry "SVK"]

1. e4 e5 2. Nf3 Nf6 3. d4 exd4 4. e5 Ne4 5. Qxd4 d5 6. exd6 Nxd6 7. Nc3 Nc6 8. Qf4 Nf5 9. Nb5 Bd6 10. Nxd6+ Qxd6 11. Bb5 0-0 12. Qxd6 cxd6 13. 0-0 Ncd4 14. Nxd4 Nxd4 15. Bd3 Bf5 16. Bxf5 Nxf5 17. Bf4 Rad8 18. Rfd1 d5 19. Rd3 f6 20. Rad1 Rfe8 21. Kf1 Re4 22. Bg3 Ne7 23. b3 Rc8 24. c3 Rc6 25. f3 Ree6 26. a4 a6 27. Bf2 Rc8 28. Re1 Kf7 29. Be3 Rec6 30. Bd2 Re6 31. g4 Rcc6 32. Bc1 Rb6 33. Rxe6 Kxe6 34. Re3+ Kf7 35. b4 Re6 36. Ke2 b5 37. axb5 axb5 38. Kd3 Nc6 1/2-1/2

[Event "Tatry op"]
[Site "Tatranske Zruby"]
[Date "2012.09.23"]
[Round "1"]
[White "Kanos, Jozef"]
[Black "Bakalar, Jan"]
[Result "0-1"]
[WhiteElo "1937"]
[BlackElo "2027"]
[PlyCount "72"]
[EventDate "2012.09.23"]
[EventType "swiss"]
[EventRounds "9"]
[EventCountry "SVK"]
[SourceTitle "CBM 150 Extra"]
[Source "ChessBase"]
[SourceDate "2012.10.19"]
[SourceVersion "1"]
[SourceVersionDate "2012.10.19"]
[SourceQuality "1"]

1. e4 b6 2. f4 Bb7 3. Nc3 e6 4. d4 Bb4 5. Qf3 f5 6. Bd3 Nf6 7. Qg3 fxe4 8. Be2 0-0 9. Bd2 Nc6 10. Qf2 d5 11. 0-0-0 Ne7 12. g4 Bxc3 13. Bxc3 Nd7 14. Nh3 Nc6 15. Qe3 Qe7 16. Rdg1 a5 17. g5 Qd6 18. Be1 Ne7 19. g6 h6 20. Bd2 Nf5 21. Qf2 c5 22. c3 cxd4 23. cxd4 Ba6 24. Bxa6 Rxa6 25. Kb1 Raa8 26. Rc1 b5 27. Rc2 Nb6 28. Rc5 Nc4 29. Re1 Nxd4 30. Qxd4 Nxd2+ 31. Qxd2 Qxc5 32. Rc1 Qb6 33. Qg2 Rac8 34. Re1 Qd4 35. Qg4 Qd2 36. Qd1 Rc2 0-1

[Event "SVK-chT2C 10/11"]
[Site "Slovakia"]
[Date "2010.12.04"]
[Round "3.1"]
[White "Pikuliak, Jozef"]
[Black "Kanos, Jozef"]
[Result "1-0"]
[WhiteElo "1965"]
[BlackElo "1968"]
[PlyCount "67"]
[EventDate "2010.10.23"]
[EventType "team-tourn"]
[EventRounds "11"]
[EventCountry "SVK"]
[SourceTitle "EXT 2019"]
[Source "ChessBase"]
[SourceDate "2018.10.10"]
[SourceVersion "1"]
[SourceVersionDate "2018.10.10"]
[SourceQuality "1"]
[WhiteTeam "Cadca Caissa"]
[BlackTeam "Banska Bystrica CVC"]
[WhiteTeamCountry "SVK"]
[BlackTeamCountry "SVK"]

1. c4 f5 2. b3 Nf6 3. Bb2 e6 4. Nf3 c6 5. Qc2 d5 6. d3 Na6 7. Nbd2 Be7 8. Rc1 0-0 9. g3 Qb6 10. Bg2 f4 11. 0-0 fxg3 12. hxg3 Nh5 13. Be5 Bd7 14. Bh3 Rac8 15. Kg2 Qd8 16. Rh1 Ba3 17. Rb1 g6 18. Rh2 Qe7 19. Rbh1 Rf7 20. Nf1 Rcf8 21. Ne3 Nf6 22. Ng5 Rg7 23. f4 c5 24. cxd5 exd5 25. Bxd7 Qxd7 26. Bxf6 Rxf6 27. Rxh7 Rxh7 28. Rxh7 Qc6 29. Ng4 Rd6 30. e4 Nb4 31. Qc3 d4 32. Qc4+ Nd5 33. exd5 Qc8 34. Nh6+ 1-0

[Event "SVK-chT2C 10/11"]
[Site "Slovakia"]
[Date "2010.10.23"]
[Round "1.2"]
[White "Kanos, Jozef"]
[Black "Kubis, Juraj"]
[Result "0-1"]
[WhiteElo "1968"]
[BlackElo "1963"]
[PlyCount "54"]
[EventDate "2010.10.23"]
[EventType "team-tourn"]
[EventRounds "11"]
[EventCountry "SVK"]
[SourceTitle "EXT 2019"]
[Source "ChessBase"]
[SourceDate "2018.10.10"]
[SourceVersion "1"]
[SourceVersionDate "2018.10.10"]
[SourceQuality "1"]
[WhiteTeam "Banska Bystrica CVC"]
[BlackTeam "Jelsava SK Magnezit"]
[WhiteTeamCountry "SVK"]
[BlackTeamCountry "SVK"]

1. e4 c5 2. Nc3 Nc6 3. f4 e6 4. Bc4 Na5 5. Qe2 a6 6. a4 Nxc4 7. Qxc4 d6 8. Nf3 Nf6 9. Qe2 Be7 10. d3 0-0 11. 0-0 b6 12. e5 Nd7 13. exd6 Bxd6 14. Ng5 Bb7 15. Nxe6 fxe6 16. Qxe6+ Kh8 17. Qxd6 Rf6 18. Qxf6 Nxf6 19. Bd2 c4 20. Rad1 cxd3 21. cxd3 Qxd3 22. Bc1 Qf5 23. Be3 b5 24. Rd4 Ng4 25. Rfd1 h6 26. Bc1 Qc5 27. Kh1 Nf2+ 0-1

[Event "Tatry op"]
[Site "Tatranske Zruby"]
[Date "2010.10.06"]
[Round "6"]
[White "Kanos, Jozef"]
[Black "Koval, Anton"]
[Result "0-1"]
[WhiteElo "1968"]
[BlackElo "2156"]
[PlyCount "72"]
[EventDate "2010.10.02"]
[EventType "swiss"]
[EventRounds "9"]
[EventCountry "SVK"]
[SourceTitle "CBM 138 Extra"]
[Source "ChessBase"]
[SourceDate "2010.10.29"]
[SourceVersion "1"]
[SourceVersionDate "2010.10.29"]
[SourceQuality "1"]

1. e4 c5 2. Nc3 Nc6 3. f4 e6 4. Nf3 a6 5. a4 Qc7 6. d3 d6 7. Be2 g6 8. Be3 Bg7 9. 0-0 Nd4 10. Rb1 Ne7 11. Qd2 0-0 12. Nd1 b5 13. axb5 axb5 14. c3 Nxe2+ 15. Qxe2 Bb7 16. Nf2 Ra2 17. Bd2 Nc6 18. g4 b4 19. Nd1 Qe7 20. Qg2 d5 21. Qh3 dxe4 22. Ng5 h6 23. Nxe4 f5 24. Nef2 Qd7 25. Re1 bxc3 26. Nxc3 Nd4 27. Re3 Raa8 28. Rg3 Qc6 29. Kf1 Kh7 30. Be3 e5 31. Ne2 Nxe2 32. Kxe2 Rae8 33. Kd2 Qa4 34. gxf5 exf4 35. fxg6+ Kh8 36. Bxc5 fxg3 0-1

[Event "Tatry op"]
[Site "Tatranske Zruby"]
[Date "2010.10.05"]
[Round "5"]
[White "Kanos, Jozef"]
[Black "Ptacnik, Stanislav"]
[Result "1-0"]
[WhiteElo "1968"]
[BlackElo "2109"]
[PlyCount "49"]
[EventDate "2010.10.02"]
[EventType "swiss"]
[EventRounds "9"]
[EventCountry "SVK"]
[SourceTitle "CBM 138 Extra"]
[Source "ChessBase"]
[SourceDate "2010.10.29"]
[SourceVersion "1"]
[SourceVersionDate "2010.10.29"]
[SourceQuality "1"]

1. e4 e5 2. f4 d5 3. exd5 e4 4. d3 Nf6 5. Nc3 Bb4 6. Bd2 e3 7. Bxe3 0-0 8. Qf3 Re8 9. Nge2 Nxd5 10. Bd2 Nxc3 11. Bxc3 Bxc3+ 12. bxc3 Qf6 13. Kd2 Nc6 14. Ng3 Bd7 15. Ne4 Qh6 16. Qg3 Rad8 17. Re1 Bf5 18. Kc1 Bxe4 19. Rxe4 Rxe4 20. dxe4 Qe6 21. Bd3 Qxa2 22. Kd2 b5 23. Qg5 b4 24. cxb4 Qc4 25. Qxd8+ 1-0

[Event "Tatry op"]
[Site "Tatranske Zruby"]
[Date "2010.10.04"]
[Round "3"]
[White "Kanos, Jozef"]
[Black "Jossien, Arnaud"]
[Result "0-1"]
[WhiteElo "1968"]
[BlackElo "2348"]
[PlyCount "44"]
[EventDate "2010.10.02"]
[EventType "swiss"]
[EventRounds "9"]
[EventCountry "SVK"]
[SourceTitle "CBM 138 Extra"]
[Source "ChessBase"]
[SourceDate "2010.10.29"]
[SourceVersion "1"]
[SourceVersionDate "2010.10.29"]
[SourceQuality "1"]

1. e4 d6 2. Nc3 g6 3. f4 Bg7 4. Nf3 c5 5. Bc4 Nc6 6. f5 gxf5 7. 0-0 Nf6 8. Ng5 0-0 9. Nd5 Ne5 10. Nxf6+ exf6 11. Nxh7 Kxh7 12. Qh5+ Kg8 13. exf5 Nxc4 14. d4 Re8 15. Bh6 Ne3 16. Bxe3 Rxe3 17. Rf4 Qe7 18. Kf2 Re4 19. Qf3 d5 20. g4 cxd4 21. h4 Rxf4 22. Qxf4 Qe3+ 0-1

[Event "SVK-chT2C 0910"]
[Site "Slovakia"]
[Date "2010.02.27"]
[Round "10.6"]
[White "Svrcek, Martin"]
[Black "Kanos, Jozef"]
[Result "0-1"]
[WhiteElo "1996"]
[BlackElo "1990"]
[PlyCount "32"]
[EventDate "2009.10.10"]
[EventType "team-tourn"]
[EventRounds "11"]
[EventCountry "SVK"]
[SourceTitle "EXT 2011"]
[Source "ChessBase"]
[SourceDate "2010.11.26"]
[SourceVersion "1"]
[SourceVersionDate "2010.11.26"]
[SourceQuality "1"]
[WhiteTeam "Kysucke Nove Mesto"]
[BlackTeam "Banska Bystrica Kurta"]
[WhiteTeamCountry "SVK"]
[BlackTeamCountry "SVK"]

1. d4 e6 2. g3 f5 3. e4 fxe4 4. f3 c5 5. fxe4 cxd4 6. Nf3 Bc5 7. Nh4 g6 8. Bd3 Be7 9. Nxg6 hxg6 10. Qg4 Qa5+ 11. Bd2 Qh5 12. Qf4 e5 13. Qf2 Nf6 14. Bc4 d6 15. Bb4 Rf8 16. Qg2 Bh3 0-1

[Event "SVK-chT2C 0910"]
[Site "Slovakia"]
[Date "2010.02.07"]
[Round "9.7"]
[White "Kanos, Jozef"]
[Black "Mraz, Ondrej"]
[Result "1-0"]
[WhiteElo "1990"]
[BlackElo "1760"]
[PlyCount "39"]
[EventDate "2009.10.10"]
[EventType "team-tourn"]
[EventRounds "11"]
[EventCountry "SVK"]
[SourceTitle "EXT 2011"]
[Source "ChessBase"]
[SourceDate "2010.11.26"]
[SourceVersion "1"]
[SourceVersionDate "2010.11.26"]
[SourceQuality "1"]
[WhiteTeam "Banska Bystrica Kurta"]
[BlackTeam "Liptov Chess School II"]
[WhiteTeamCountry "SVK"]
[BlackTeamCountry "SVK"]

1. e4 e5 2. f4 exf4 3. Nf3 g5 4. Bc4 d6 5. d4 g4 6. 0-0 Bh6 7. Ne1 Qf6 8. Nc3 Ne7 9. Kh1 Rg8 10. Bxf4 Bxf4 11. g3 Be6 12. Bxe6 fxe6 13. Rxf4 Qg5 14. Ng2 Nd7 15. Qe2 0-0-0 16. Raf1 h5 17. Qc4 e5 18. Nb5 Nc6 19. Rf5 Nb6 20. Qe6+ 1-0

[Event "SVK-chT2C 0910"]
[Site "Slovakia"]
[Date "2009.10.10"]
[Round "1.6"]
[White "Stehlik, Jan"]
[Black "Kanos, Jozef"]
[Result "1-0"]
[WhiteElo "1863"]
[BlackElo "1990"]
[PlyCount "59"]
[EventDate "2009.10.10"]
[EventType "team-tourn"]
[EventRounds "11"]
[EventCountry "SVK"]
[SourceTitle "EXT 2011"]
[Source "ChessBase"]
[SourceDate "2010.11.26"]
[SourceVersion "1"]
[SourceVersionDate "2010.11.26"]
[SourceQuality "1"]
[WhiteTeam "Banska Bystrica Junior II"]
[BlackTeam "Banska Bystrica Kurta"]
[WhiteTeamCountry "SVK"]
[BlackTeamCountry "SVK"]

1. d4 e6 2. c4 d5 3. Nc3 Nf6 4. Nf3 b6 5. cxd5 exd5 6. Bg5 Bb7 7. e3 Bd6 8. Qa4+ Bc6 9. Qb3 Be7 10. Ne5 Bb7 11. e4 Nxe4 12. Bxe7 Qxe7 13. Bb5+ c6 14. Nxd5 Qd6 15. Nc3 Ng5 16. Bc4 0-0 17. 0-0 b5 18. h4 Qxd4 19. Bxf7+ Nxf7 20. Nxf7 Rxf7 21. Rad1 Qc4 22. Rd8+ Rf8 23. Rxf8+ Kxf8 24. Qd1 Qxh4 25. Re1 Qf6 26. Ne4 Qh6 27. Qf3+ Kg8 28. Nd6 Nd7 29. Qf7+ Kh8 30. Re8+ 1-0

[Event "Tatry op"]
[Site "Tatranske Zruby"]
[Date "2009.10.01"]
[Round "6"]
[White "Kanos, Jozef"]
[Black "Samokrutova, Olga"]
[Result "1/2-1/2"]
[WhiteElo "1990"]
[BlackElo "2169"]
[PlyCount "37"]
[EventDate "2009.09.27"]
[EventType "swiss"]
[EventRounds "9"]
[EventCountry "SVK"]
[SourceTitle "EXT 2011"]
[Source "ChessBase"]
[SourceDate "2010.11.26"]
[SourceVersion "1"]
[SourceVersionDate "2010.11.26"]
[SourceQuality "1"]

1. e4 c5 2. Nc3 d6 3. Bc4 Nf6 4. Nf3 e6 5. d3 Be7 6. 0-0 a6 7. a4 Nc6 8. Re1 0-0 9. Bg5 Nd7 10. Qd2 Bxg5 11. Nxg5 Nde5 12. Ba2 Nd4 13. f4 Ng6 14. Rac1 h6 15. Nh3 Qb6 16. b3 Qa7 17. Qf2 b5 18. Re3 b4 19. Ne2 1/2-1/2

[Event "Tatry op"]
[Site "Tatranske Zruby"]
[Date "2009.09.29"]
[Round "3"]
[White "Krca, Milan"]
[Black "Kanos, Jozef"]
[Result "1-0"]
[WhiteElo "2108"]
[BlackElo "1990"]
[PlyCount "119"]
[EventDate "2009.09.27"]
[EventType "swiss"]
[EventRounds "9"]
[EventCountry "SVK"]
[SourceTitle "EXT 2011"]
[Source "ChessBase"]
[SourceDate "2010.11.26"]
[SourceVersion "1"]
[SourceVersionDate "2010.11.26"]
[SourceQuality "1"]

1. e4 e5 2. Nf3 Nf6 3. d4 exd4 4. e5 Ne4 5. Bb5 c6 6. Qxd4 Qa5+ 7. c3 Nxf2 8. Qxf2 Qxb5 9. a4 Qd5 10. Be3 Be7 11. 0-0 0-0 12. Na3 b6 13. Nc2 c5 14. Bf4 Qe6 15. Ne3 Bb7 16. c4 Na6 17. Rad1 Nb4 18. Qd2 Bc6 19. b3 Rac8 20. h3 Qg6 21. Rf2 Rfe8 22. Nd5 h6 23. Bh2 Bf8 24. Nh4 Qg5 25. Qxg5 hxg5 26. Nf3 Bxd5 27. cxd5 Be7 28. Nd2 Kh7 29. Nc4 Kg6 30. d6 Bd8 31. Rdf1 Rf8 32. e6 dxe6 33. Ne5+ Kh7 34. Nxf7 Bf6 35. Nxg5+ Kg6 36. Nxe6 Rh8 37. d7 Ra8 38. Bc7 Nc6 39. Rd1 Nd4 40. Rxf6+ gxf6 41. Nxd4 cxd4 42. Rxd4 Rad8 43. b4 Kf7 44. g4 Ke7 45. Bxd8+ Kxd8 46. Kg2 Rg8 47. Kf3 Rh8 48. Kg3 Rh7 49. h4 Rg7 50. Rd5 Re7 51. a5 Re4 52. axb6 Rxb4 53. bxa7 Ra4 54. Rf5 Rxa7 55. Rxf6 Rxd7 56. h5 Ke7 57. Rf3 Rd6 58. Kh4 Rd8 59. h6 Rd6 60. Kh5 1-0